| 000 | 00839nam a22002177a 4500 | ||
|---|---|---|---|
| 005 | 2008070804374.0 | ||
| 008 | 080708t xxu||||| |||| 00| 0 eng d | ||
| 010 | _aENG-90473 | ||
| 020 |
_a8131303948 _c395.00 |
||
| 035 | _aEN-74006 | ||
| 037 | _bDBAD / PUB | ||
| 040 |
_aDPL _bEN |
||
| 082 | _a483.1 | ||
| 100 | _aTarafder, S.K. | ||
| 245 |
_aTeaching of english: _cby S.K. Tarafder _bstandard book of idioms, homonyms and abbreviations / |
||
| 260 |
_aNew Delhi _bAPH Publishing Corporation _c2008 |
||
| 270 |
_a4435-36/7, Ansari Raod, Darya Ganj, _bNew Delhi _e110002 |
||
| 300 |
_av, 183p. _c23 cm (Hb) |
||
| 942 |
_2ddc _cEN _h483.1 _mTAR |
||
| 999 |
_c14271 _d14271 |
||